Normal view
MARC view
- حلاوة، محمد
Entry Personal Name
001 - CONTROL NUMBER
- control field: 64144
003 - CONTROL NUMBER IDENTIFIER
- control field: JO-AjAnu
005 - DATE AND TIME OF LATEST TRANSACTION
- control field: 20230606084451.0
008 - FIXED-LENGTH DATA ELEMENTS
- fixed length control field: 230606|| aca||aabn | a|a d
040 ## - CATALOGING SOURCE
- Original cataloging agency: JO-AjAnu
- Transcribing agency: JO-AjAnu
100 ## - HEADING--PERSONAL NAME
- Personal name: حلاوة، محمد
670 ## - SOURCE DATA FOUND
- Source citation: Work cat.: (JO-AjAnu)32701: حلاوة، محمد , author, الأساس في التطبيقات النحوية واللغوية: علامات الترقيم، الاملاء، استعمال المعاجم، النحو، الصرف، التطبيقات، النشاطات وحلولها النموذجية